1244 1961 1933 1571 1519 1473 1966 1877 1581 1872 1484 1927 1828 1186 1104 1235 1604 1426 1823 1030 1259 1513 1938 1466 1893 1913 1819 1244 1743 1263 1081 1196 1694 1222 1620 1858 1757 1104 1760 1212 1909 1028 1964 1373 1703 1553 1133 1470 1371 1343 1946 1872 1571 1397 1546 1982 1734 1182 1283 1403 1190 1771 1706 1151 1934 1068 1696 1582 1916 1596 1588 1918 1589 1019 1655 1858 1380 1170 1869 1162 1817 1682 1171 1778 1241 1549 1953 1151 1566 1413 1594 1067 1898 1059 1559 1569 1454 1888 1514 BCNSPRNW ULIB Ver.6.0+V

เปลี่ยนเป็นภาษาไทย

Change to English
 แสดงรายละเอียดบรรณานุกรม
  กลับหน้าหลัก

Brief Record : Get Marc (ISO 2709) : E-mail record : QR code < ปิดหน้าต่าง
LEADER : 00000nam 2200000uu 4500
001    13399126012
003     ULIB
008    180427s2559||||th 000 0 tha d
020    ^a9786160027361
050    ^aนว^bค472ว
100  0  ^aคีตา.
245  1  ^aวายุหงสา /^cคีตา.
250    ^aพิมพ์ครั้งที่ 1.
260    ^aกรุงเทพฯ :^bPrincess,^c2559.
300    ^a431 หน้า ;^c21 ซม.
490  1  ^aชุดจอมใจพยัคฆ์
830    0 ^aชุดจอมใจพยัคฆ์.
850    ^aมบ.
945    ^p300^l0^i003426
999    ^aประนอม เกษจรัล
รายการนี้ยังไม่มีแท็ก
คุณยังไม่ได้ล็อกอิน คุณสามารถมีกิจกรรมร่วมกับเว็บไซต์ได้ แต่ต้องล็อกอินก่อน ::
  ล็อกอิน

รายการสื่อสารสนเทศ

ลำดับที่ ประเภท เลขเรียก/บาร์โค้ด สถานที่ สถานะ
1. นวนิยาย
นวนิยาย
นว ค472ว ฉ.1 
  Barcode: 003426
ห้องสมุดวิทยาเขตนครสวรรค์
►นวนิยาย:l:Fiction
บนชั้น

BibComment


ยังไม่เคยถูกคอมเมนท์

คอมเมนท์ทรัพยากรรายการนี้
  คอมเมนท์: วายุหงสา คีตา


 Copyright 2026. Bcnsprnw @Library